000 00481nam a22001577a 4500
003 OSt
005 20240405161807.0
008 240405b |||||||| |||| 00| 0 eng d
040 _cCentral Library MRSPTU
100 _aOm Parkash Gasso (ਓਮ ਪ੍ਰਕਾਸ਼ ਗਾਸੋ)
245 _aFloranjni De Full (ਫਲੋਰੰਜਨੀ ਦੇ ਫੁੱਲ)
250 _a2nd
260 _aBarnala (Punjab)
_bMittar Manda Publication
_c2005
300 _a95
942 _2ddc
_cBK
_n0
999 _c10005
_d10005